000 00585nam a2200205Ia 4500
005 20230629105313.0
008 131103s9999 xx 000 0 und d
020 _a521292131
_c4.95 pds
040 _aLoreto College
041 _aEnglish
082 _a942.06
_bWOR
100 _aWorden,Blair
245 4 _aThe Rump parliament 1648 - 1653
_cBlair Worden
260 _aCambridge
_bCambridge University Press
_c1977
300 _axii,427 p.
504 _aIncludes bibliographical references and index
650 _aEngland - History - 1648 - 1653
850 _aLCLIB
942 _cBK
999 _c8404
_d58883